Quimica inorg nica experimental / R.E.Dodd, P.L.Robinson (Registro nro. 21119)
[ vista simple ]
| 000 -LÍDER | |
|---|---|
| fixed length control field | 00439nam a2200145 4500 |
| 008 - ELEMENTOS DE LONGITUD FIJA -- INFORMACIÓN GENERAL | |
| fixed length control field | 0 1965 0a 000 0ESP |
| 082 ## - NUMERO DE CLASIFICACION DECIMAL DEWEY | |
| Número de Clasificación | 546 D427q |
| 100 ## - ASIENTO PRINCIPAL--NOMBRE PERSONAL | |
| Nombre personal | Dodd,R.E. |
| 245 ## - TÍTULO | |
| Título | Quimica inorg nica experimental / R.E.Dodd, P.L.Robinson |
| 260 ## - PUBLICACIÓN, DISTRIBUCIÓN, ETC. (PIE DE IMPRENTA) | |
| Lugar de publicación, distribución, etc. | Barcelona, España : Reverté |
| 300 ## - DESCRIPCIÓN FÍSICA | |
| Extensión | 403p. / 22cm. |
| 500 ## - NOTA GENERAL | |
| Nota general | Incluye indice general. |
| 650 ## - ASIENTO SECUNDARIO DE MATERIA - TERMINO TEMÁTICO | |
| Término temático o nombre geográfico como elemento de entrada | 1.QUIMICA 2.INORGANICA EXPERIMENTAL |
| 700 ## - ASIENTO SECUNDARIO - NOMBRE PERSONAL | |
| Nombre personal | Robinson, P.L. |
| No. biblioteca | No. biblioteca | Número de clasificación | Código de barras/Número de adquisición | Número de copia | Tipo de material |
|---|---|---|---|---|---|
| LUIS G. INCLAN | LUIS G. INCLAN | 546 D427q | 25977 | 2 | Libros |
